|
|
|
|
| LEADER |
01359nam a2200373Ia 4500 |
| 001 |
EBC282043 |
| 003 |
MiAaPQ |
| 005 |
20200520144314.0 |
| 006 |
m o d | |
| 007 |
cr cn||||||||| |
| 008 |
060706s2007 ne a s 001 0 eng d |
| 020 |
|
|
|z 0750680555 (pbk.)
|
| 020 |
|
|
|z 0080465781
|
| 035 |
|
|
|a (MiAaPQ)EBC282043
|
| 035 |
|
|
|a (Au-PeEL)EBL282043
|
| 035 |
|
|
|a (CaPaEBR)ebr10151456
|
| 035 |
|
|
|a (CaONFJC)MIL70815
|
| 035 |
|
|
|a (OCoLC)213298556
|
| 040 |
|
|
|a MiAaPQ
|c MiAaPQ
|d MiAaPQ
|
| 050 |
|
4 |
|a HG3891
|b .A48 2007
|
| 100 |
1 |
|
|a Alvarez, Marc.
|
| 245 |
1 |
0 |
|a Market data explained
|h [electronic resource] :
|b a practical guide to global capital markets information /
|c Marc Alvarez.
|
| 250 |
|
|
|a 1st ed.
|
| 260 |
|
|
|a Amsterdam ;
|a Boston ;
|a London :
|b Butterworth-Heinemann,
|c 2007.
|
| 300 |
|
|
|a 126 p. :
|b ill.
|
| 490 |
1 |
|
|a Elsevier world capital markets series
|
| 500 |
|
|
|a Includes index.
|
| 533 |
|
|
|a Electronic reproduction. Ann Arbor, MI : ProQuest, 2015. Available via World Wide Web. Access may be limited to ProQuest affiliated libraries.
|
| 650 |
|
0 |
|a International finance.
|
| 650 |
|
0 |
|a Capital market.
|
| 655 |
|
4 |
|a Electronic books.
|
| 710 |
2 |
|
|a ProQuest (Firm)
|
| 830 |
|
0 |
|a Elsevier world capital markets series.
|
| 856 |
4 |
0 |
|u https://ebookcentral.proquest.com/lib/matrademy/detail.action?docID=282043
|z Click to View
|